Counterfact : fake news and misinformation in the digital information age /

This book examines fake news in the digital information age, as well as its impact on society, especially in education, politics and public policy.

Bibliographic Details
Main Author: Weiss, Andrew, 1971- (Author)
Format: Book
Language:English
Published: Lanham, Maryland : Rowman and Littlefield, [2024].
Subjects:

MARC

Tag First Indicator Second Indicator Subfields
LEADER 00000cam a2200000 i 4500
001 in00004781521
003 OCoLC
005 20241113212403.6
008 231219t20242024mdua b 001 0 eng
010 |a  2023050642 
040 |a DLC  |e rda  |c DLC 
020 |a 9781538177372  |q hardcover 
020 |a 1538177374  |q hardcover 
020 |a 9781538177389  |q paperback 
020 |a 1538177382  |q paperback 
020 |z 9781538177396  |q electronic book 
035 |a (OCoLC)1414370566 
050 0 0 |a PN4784.F27  |b W35 2024 
082 0 0 |a 070.4/3  |2 23/eng/20231219 
100 1 |a Weiss, Andrew,  |d 1971-  |e author. 
245 1 0 |a Counterfact :  |b fake news and misinformation in the digital information age /  |c Andrew Weiss. 
264 1 |a Lanham, Maryland :  |b Rowman and Littlefield,  |c [2024]. 
264 4 |c ©2024. 
300 |a xxv, 273 pages :  |b illustrations ;  |c 24 cm. 
336 |a text  |b txt  |2 rdacontent 
337 |a unmediated  |b n  |2 rdamedia 
338 |a volume  |b nc  |2 rdacarrier 
504 |a Includes bibliographical references and index. 
520 |a This book examines fake news in the digital information age, as well as its impact on society, especially in education, politics and public policy. 
650 0 |a Fake news  |x Social aspects. 
650 0 |a Disinformation  |x Social aspects. 
650 0 |a Digital media  |x Social aspects. 
650 0 |a Media literacy  |x Social aspects. 
945 |b 996300 
947 |a A14852515585 
948 |a dmitchel 11/13/24 3.20.10 
980 |b print  |c 40032173170  |f NONFIC/B  |g 565714  |k USD  |m 92.00  |q 1  |s AcqMono Conventional  |t Approval plan  |u Vendor order reference number  |v ZYBP  |y Print approval  |z Physical resource 
999 f f |i dbd81128-8706-4f52-b041-42780cec0c2c  |s 83053bbf-74ff-443d-9484-5b1de0a763f0  |t 0 
952 f f |p normal  |a Texas A&M University  |b College Station  |c Sterling C. Evans Library  |d Evans: Library Stacks  |t 0  |e PN4784.F27 W35 2024  |h Library of Congress classification  |i unmediated -- volume  |m A14852515585 
998 f f |a PN4784.F27 W35 2024  |t 0  |l Evans: Library Stacks